Normal view
MARC view
Entry Personal Name
001 - CONTROL NUMBER
- control field: 63928
003 - CONTROL NUMBER IDENTIFIER
- control field: dpl
005 - DATE AND TIME OF LATEST TRANSACTION
- control field: 20240326142104.0
008 - FIXED-LENGTH DATA ELEMENTS
- fixed length control field: 240326|| aca||aabn | a|a d
040 ## - CATALOGING SOURCE
- Original cataloging agency: dpl
- Transcribing agency: dpl
100 ## - HEADING--PERSONAL NAME
- Personal name: रामफल सिंह
670 ## - SOURCE DATA FOUND
- Source citation: Work cat.: (dpl)201766: रामफल सिंह , नेहरु जी का भारत के राष्टीय एकीकरण और प्रजातंत्र के सुदृढीकारण में योगदान/, 2021
